Principaux Détroits et Canaux - Statistiques

Statistiques générales
  • Ce quiz a été pris 25 fois
  • Le résultat moyen est 8 sur 12
Statistiques - réponses
Réponse % Correct
Canal de Suez
95%
Détroit d'Ormuz
95%
Détroit de Gibraltar
90%
Canal de Panama
80%
Détroit de Malacca
80%
Détroit de Béring
70%
Détroit de Bab-el-Mandeb
55%
Détroit du Bosphore
50%
Détroit des Dardanelles
45%
Détroit de Magellan
40%
Détroit du Pas de Calais
40%
Détroit de Taïwan
25%
Aucun quiz correspondant
Distribution des résultats
% des personnes avec chaque résultat
Percentile par nombre de réponses
Votre historique - résultats
Vous n’avez pas pris ce quiz